Energy conversion : (Record no. 20665)

MARC details
000 -LEADER
fixed length control field 00826nam a22002535a 4500
005 - DATE AND TIME OF LATEST TRANSACTION
control field 20161206151910.0
008 - FIXED-LENGTH DATA ELEMENTS--GENERAL INFORMATION
fixed length control field 090607r20082006ii a frb 001 0 eng d
020 ## - INTERNATIONAL STANDARD BOOK NUMBER
International Standard Book Number 8189757059
020 ## - INTERNATIONAL STANDARD BOOK NUMBER
International Standard Book Number 9788189757052
040 ## - CATALOGING SOURCE
Original cataloging agency EG-ScBuE
Language of cataloging eng
Transcribing agency EG-ScBuE
082 04 - DEWEY DECIMAL CLASSIFICATION NUMBER
Classification number 621.042
Item number GUP
Edition number 22
100 1# - MAIN ENTRY--PERSONAL NAME
Personal name Gupta, J. B.
9 (RLIN) 5867
245 10 - TITLE STATEMENT
Title Energy conversion :
Remainder of title for engineering students /
Statement of responsibility, etc J. B. Gupta.
260 ## - PUBLICATION, DISTRIBUTION, ETC. (IMPRINT)
Place of publication, distribution, etc New Delhi :
Name of publisher, distributor, etc S. K. Kataria & Sons,
Date of publication, distribution, etc 2008.
300 ## - PHYSICAL DESCRIPTION
Extent xii, 452 p. :
Other physical details ill. ;
Dimensions 24 cm.
500 ## - GENERAL NOTE
General note Index : p. 449-452.
504 ## - BIBLIOGRAPHY, ETC. NOTE
Bibliography, etc Includes bibliographical references.
590 ## - LOCAL NOTE (RLIN)
Local note yassmeen ashraf , Menna Elemam
651 ## - SUBJECT ADDED ENTRY--GEOGRAPHIC NAME
Source of heading or term BUEsh
653 ## - INDEX TERM--UNCONTROLLED
Resource For college Engineering, General
Arrived date list August2015
650 #0 - SUBJECT ADDED ENTRY--TOPICAL TERM
9 (RLIN) 5869
Topical term or geographic name as entry element Power resources
Source of heading or term BUEsh
650 #0 - SUBJECT ADDED ENTRY--TOPICAL TERM
9 (RLIN) 5868
Topical term or geographic name as entry element Energy conversion
Source of heading or term BUEsh
942 ## - ADDED ENTRY ELEMENTS (KOHA)
Item type Book - Borrowing
Call number prefix 621.042 GUP
Source of classification or shelving scheme Dewey Decimal Classification
Holdings
Withdrawn status Item status Source of classification or shelving scheme Damaged status Not for loan Home library Current library Shelving location Date acquired Source of acquisition Total Checkouts Full call number Barcode Date last seen Koha item type
    Dewey Decimal Classification     Central Library Central Library First floor 20/08/2015     621.042 GUP 000016148 15/07/2025 Book - Borrowing